Manual de estilo de publicaciones de la American Psychological Association
Saved in:
| Corporate Author: | |
|---|---|
| Format: | Book |
| Language: | Spanish |
| Published: |
Ciudad de México
The Manual Moderno
2002
|
| Edition: | 2a. ed |
| Subjects: | |
| Tags: |
Add Tag
No Tags, Be the first to tag this record!
|
MARC
| LEADER | 00000nam a2200000 a 4500 | ||
|---|---|---|---|
| 001 | UCI1564 | ||
| 003 | CL-VaPUC | ||
| 008 | 070706e20020000MX |||||||||||||||||spa|d | ||
| 020 | |a 9684269781 | ||
| 082 | 0 | 4 | |a 808.06615 |b AME |2 21 |
| 110 | 2 | |a American Phychological Association |e author |9 522125 | |
| 245 | 1 | 0 | |a Manual de estilo de publicaciones de la American Psychological Association |
| 250 | |a 2a. ed | ||
| 300 | |a 433 p | ||
| 942 | |c BK | ||
| 945 | |d 20070706 00:00:00 |a rbrito | ||
| 260 | |a Ciudad de México |b The Manual Moderno |c 2002 | ||
| 650 | 0 | |a Informes técnicos |9 259856 | |
| 650 | 7 | |a INFORMACION TECNOLOGICA |2 CL-VaPUC |9 522126 | |
| 650 | 7 | |a INFORMES DE PROYECTOS |2 CL-VaPUC |9 522127 | |
| 650 | 7 | |a DOCUMENTOS PRIMARIOS |2 CL-VaPUC |9 350391 | |
| 650 | 0 | |a Manuscritos |9 313680 | |
| 650 | 0 | |a Escritura |9 264941 | |
| 650 | 0 | |a Lingüística |9 265068 | |
| 583 | |a last modification |c 20070706 00:00:00 |k Rodrigo Vera | ||
| 999 | |c 326347 |d 326345 | ||
| 952 | |0 0 |1 0 |4 0 |6 808_066150000000000_AME_2002 |7 0 |8 A |9 408193 |a FDOPOS |b FDOPOS |d 2019-11-22 |i 4357027 |o 808.06615 AME 2002 |p 4357027 |r 2025-01-22 |w 2019-11-22 |y BK |k MLA | ||